01343cam a22002891 4500001001300000003000400013005001700017007001500034008004100049010001700090035002000107040001800127043002100145050001500166100005000181245032500231260004000556300003000596500001700626500012800643530006900771651002600840651003500866651005500901700004600956856005101002rc 01002834 DLC20260227111908.0cr_|||||||||||840524s1835 vau 000 0 eng  arc 01002834  a(OCoLC)10769705 aDLCcViUdDLC an-us-vaan-us-dc00aF224b.M381 aMartin, Joseph,cof Charlottesville, Va,eed.12aA new and comprehensive gazetteer of Virginia, and the District of Columbia,cby Joseph Martin. To which is added a History of Virginia from its first settlement to the year 1754: with an abstract of the principal events from that period to the independence of Virginia ... by a citizen of Virginia [W. H. Brockenbrough] aCharlottesville,bJ. Martin,c1835. a636 p.bfold map.c24 cm. aSabin 44894. aAlso published at Richmond without date, under title: A comprehensive description of Virginia and the District of Columbia. aAlso available in digital form on the Internet Archive Web site. 0aVirginiaxGazetteers. 0aWashington (D.C.)xGazetteers. 0aVirginiaxHistoryyColonial period, ca. 1600-1775.1 aBrockenbrough, William Henry,d1812-1850.41uhttp://hdl.loc.gov/loc.gdc/scd0001.0001357571A